=LDR 00000nam 2200000 4500 =001 INLIS000000001054215 =005 20251128075706 =035 ##$$a 0010-1125000093 =007 ta =008 251128################g##########0#ind## =020 ##$$a 978-602-50234-2-2 =082 ##$$a 899.221 3 =084 ##$$a 899.221 3 LIZ k =100 #$$a Liz I.K. Dewi =245 1#$$a Kotak musik /$c Liz I.K. Dewi =250 ##$$a cetakan pertama =260 ##$:$b RDM Publisher,$c 2017 =300 ##$$a viii, 253 halaman ; $c 14 x 21 cm =600 #4$$a Fiksi Indonesoa =990 ##$$a 11151115